000 00583nam a2200229Ia 4500
003 OSt
005 20221005032310.0
006 a|||||r|||| 00| 0
007 ta
008 221004b |||||||| |||| 00| 0 eng d
024 _a103131
037 _cTextual
040 _aCRL
_cCRL
_beng
041 _2eng
_aeng
082 _aJB, N9
100 _aAllaby Michael
_9289069
245 0 _aTemperate forests
260 _aChicago
_bFitzroy Dearborn Publishers
_c1999
650 _aAGRICULTURE
942 _hJB, N9
_cTEXL
_2cc
999 _c939490
_d939490